Key concepts in developmental psychology / (Record no. 23542)

MARC details
000 -LEADER
fixed length control field 00686cam a22002175a 4500
001 - CONTROL NUMBER
control field 14294064
005 - DATE AND TIME OF LATEST TRANSACTION
control field 20201128024049.0
008 - FIXED-LENGTH DATA ELEMENTS--GENERAL INFORMATION
fixed length control field 060309s2006 enk b 001 0 eng
020 ## - INTERNATIONAL STANDARD BOOK NUMBER
International Standard Book Number 9780761943464
040 ## - CATALOGING SOURCE
Original cataloging agency DLC
Transcribing agency DLC
Modifying agency DLC
-- EG-ScBUE
Language of cataloging eng
082 04 - DEWEY DECIMAL CLASSIFICATION NUMBER
Edition number 22
Classification number 155
Item number SCH
100 1# - MAIN ENTRY--PERSONAL NAME
Personal name Schaffer, H. Rudolph.
9 (RLIN) 39507
245 10 - TITLE STATEMENT
Title Key concepts in developmental psychology /
Statement of responsibility, etc H. Rudolph Schaffer.
260 ## - PUBLICATION, DISTRIBUTION, ETC. (IMPRINT)
Place of publication, distribution, etc London ;
-- Thousand :
Name of publisher, distributor, etc Sage Publications,
Date of publication, distribution, etc 2006.
300 ## - PHYSICAL DESCRIPTION
Extent viii, 263 p. ;
Dimensions 24 cm.
500 ## - GENERAL NOTE
General note Index : p. [256]-263.
504 ## - BIBLIOGRAPHY, ETC. NOTE
Bibliography, etc Bibliography :p. [231]-255.
650 #7 - SUBJECT ADDED ENTRY--TOPICAL TERM
Topical term or geographic name as entry element Developmental psychology.
Source of heading or term BUEsh
9 (RLIN) 952
653 ## - INDEX TERM--UNCONTROLLED
Resource For college Humanities: Psychology
Arrived date list December2016
942 ## - ADDED ENTRY ELEMENTS (KOHA)
Source of classification or shelving scheme Dewey Decimal Classification
Holdings
Withdrawn status Item status Source of classification or shelving scheme Damaged status Not for loan Vendor Home library Current library Shelving location Date acquired Source of acquisition Cost, normal purchase price Total Checkouts Total Renewals Full call number Barcode Date last seen Date last borrowed Cost, replacement price Koha item type
    Dewey Decimal Classification     Alahram Central Library Central Library Lower Floor 08/12/2016 Purchase 175.00 2 10 155 SCH 000040369 16/12/2025 04/07/2019 219.25 Book - Borrowing